Регионална библиотека "Любен Каравелов" - Русе

Търговски сделки (Запис номер 85274)

MARC детайли
000 -Лидер
Контролно поле с фиксирана дължина 01516nam a2200373 c 4500
003 - Код на организацията, давaща контролен номер
Контролно поле BLK
005 - Дата и час на последна редакция
Контролно поле 20200204125202.0
008 - Елементи от данни с фиксирана дължина
fixed length control field 180408b bul|||||r ||||||| ||bul||
010 ## - Наследен системен номер
LC control number KNG00089874000
020 ## - Международен стандартен номер на книга ISBN
Международен стандартен номер на книга ISBN 978-954-608-154-4
040 ## - Източник на каталожния запис
Идентификатор на билиотеката - собственик на записа BLK
041 ## - Код за език
Код за езика на текст/звукозапис или на отделно заглавие Български
Код за езика КДБФ Български
080 ## - УДК
Текстов определител УДК Облигационно право. Задължения, договори, споразумения
УДК код - определител по УДК 347.4
УДК определител (497.2)
УДК - код + определител 347.4(497.2)
080 ## - УДК
Текстов определител УДК Търговско право
УДК код - определител по УДК 347.7
УДК определител (497.2)
УДК - код + определител 347.7(497.2)
100 1# - Редна дума - Автор
Автор Герджиков, Огнян Стефанов
Авторска отговорност първи автор
R(LIN) 366353
139 ## - Редно поле
Редна дума Герджиков, Огнян Стефанов
Авторски знак Гер - Г 38
245 10 - Сведения за заглавието
Заглавие Търговски сделки
Редно поле (дума) Огнян Стефанов Герджиков.
250 ## - Област на изданието
Сведения за изданието 3. прераб. и доп. изд.
257 ## - Страна на издаване
Страна на създаване/издаване България
260 ## - Област на издателските данни
Име на издателя, разпространителя и проч. Труд и право
Година на издаване 2008
Печатница София : Д. Благоев
300 ## - Физическа характеристика
Страници 352 с.
Илюстрации и др. със сх.
Размери/Мащаб 21 см
380 ## - Жанр
Жанр Обществени науки
500 ## - Общи забележки
Забележка 1. изд. 1997
650 #4 - Допълнително описание по предмет – тема
Основно описание – тема или топоним Търговско право - България
9 (RLIN) 243787
650 #4 - Допълнително описание по предмет – тема
Основно описание – тема или топоним Облигационно право - България
9 (RLIN) 243778
653 ## - Ключова дума – ненормативна
Ключова дума търговски сделки
653 ## - Ключова дума – ненормативна
Ключова дума търговско право
653 ## - Ключова дума – ненормативна
Ключова дума банкови операции
852 ## - Местоположение
Форматна сигнатура Цб 244245
856 4# - Електронен адрес и достъп
Електронен формат pdf - файл
856 4# - Електронен адрес и достъп
Електронен формат pdf - файл
999 ## - СИСТЕМНИ КОНТРОЛНИ НОМЕРА
Koha biblionumber 85274
Koha biblioitemnumber 85274
942 ## - АРТИКУЛИ
Вид на библиотечния материал Книги
Скрит в OPAC Не
Периодичен библиозапис Да
944 ## - СЪЗДАВАНЕ И РЕДАКЦИЯ на ЗАПИСА
Създаване/Редакция Създаване
Дата на регистрацията/редакция 12.06.2009
Служител, извършил регистрацията/редакцията Геновева_Генчева
944 ## - СЪЗДАВАНЕ И РЕДАКЦИЯ на ЗАПИСА
Създаване/Редакция Редакция
Дата на регистрацията/редакция 17.08.2016
Служител, извършил регистрацията/редакцията Виолета_Тройчева
999 ## - СИСТЕМНИ КОНТРОЛНИ НОМЕРА
Koha biblioitemnumber 85274
Наличности
Код за отписване Код за изгубен артикул Код за повреда Коз за рестрикции Код за отдаване Артикулен № Име на библиотеката - собственик Име на библиотеката, в която се намира в момента Статус (Текущо местоположение) Дата на вписване в системата Местоположение - отдел Цена в лева Инвентарен номер Систематично азбучна сигнатура Баркод Номер на екземпляра Цена в евро Служебна бележка Служебен тип на артикула Източник на класификационната схема
  Не е изгубен Не е повреден без рестрикции ползва се в читалня 138372 Регионална библиотека "Любен Каравелов" Русе Регионална библиотека "Любен Каравелов" Русе Хранилище 2009-06-12 Хранилище 24.00 120000736111 Цб 244245 120000736111 1 12.27 Дост: Dp Вид: Д N: 1 Дата: 04.12.2008 Книги  
Изтеглен Не е изгубен Не е повреден без рестрикции заемане за дома 755054 Регионална библиотека "Любен Каравелов" Русе Регионална библиотека "Любен Каравелов" Русе Заемна - подръчен фонд 2020-02-04 Заемна - подръчен фонд 19.80   П 347.4(497.2)/Г 38 120000842334   10.12   Книги Universal Decimal Classification
Vip Innovations Ltd, Rousse, Bulgaria 2025